Fixed point theory and applications
Αποθηκεύτηκε σε:
| Συγγραφή απο Οργανισμό/Αρχή: | |
|---|---|
| Άλλοι συγγραφείς: | , |
| Μορφή: | Πρακτικό Συνεδρίου Βιβλίο |
| Γλώσσα: | English |
| Δημοσίευση: |
Harlow, Essex, England ; New York :
Longman Scientific & Technical : Wiley,
1991.
|
| Σειρά: | Pitman research notes in mathematics series ;
252 |
| Θέματα: | |
| Ετικέτες: |
Προσθήκη ετικέτας
Δεν υπάρχουν, Καταχωρήστε ετικέτα πρώτοι!
|
MARC
| LEADER | 00000cam a2200000 i 4500 | ||
|---|---|---|---|
| 001 | 1/39384 | ||
| 008 | 941103s1991####enk| ||| |||| ||eng|| | ||
| 020 | |a 0582080630 | ||
| 020 | |a 0470217596 | ||
| 035 | |l 10040999 | ||
| 035 | |a 1993 | ||
| 040 | |a GR-MY-UA |b gre |e aacr | ||
| 041 | 0 | |a eng | |
| 082 | 0 | |a 515.7248 |2 (20) | |
| 245 | 0 | 0 | |a Fixed point theory and applications / |c M.A. Thera, editor and J.-B. Baillon, editor. |
| 260 | |a Harlow, Essex, England ; |a New York : |b Longman Scientific & Technical : |b Wiley, |c 1991. | ||
| 300 | |a 465 σ. ; |c 25 εκ. | ||
| 490 | 1 | |a (Pitman research notes in mathematics series |v ; 252) | |
| 500 | |a "Proceedings of the International Conference on Fixed Point Theory and Applications ... held at CIRM (Centre international de rencontres mathematiques) ... June 5-9, 1989"--Introd | ||
| 650 | 0 | 0 | |a Fixed point theory |x Congresses. |
| 700 | 1 | |a Thera, M. A. |q (Michel A.), |d 1946- |e edt | |
| 700 | 1 | |a Baillon, J.-B. |q (Jean-Bernard), |d 1951- |e edt | |
| 711 | 2 | |a International Conference on Fixed Point Theory and Applications |d (1989 : |c Centre international de rencontres mathématiques) | |
| 830 | 0 | |a Pitman research notes in mathematics series ; |v 252 | |
| 852 | |a INST |b SAMOS |e 19941103 |h 515.7248 FIX |p 005300007197 |q 005300007197 |t BK |y 0 | ||
| 909 | |a Σ |b 030647 | ||